Fujifilm FinePix F40fd

Bibliographic Details
Main Author: Šlosar, Peter (Author)
Format: Article
Language:Slovak
Subjects:

MARC

LEADER 00000nab a2200000 ar4500
001 vtls008997444
003 SK-MaSNL
005 20260303065808.0
008 070511c2007 xo |||||||||||000 b|slo
015 |a SNBRB2007/06  |2 snkbucl 
038 |a SNKBUCL 
040 |a SNKBUCL  |b slo  |c SNKBUCL  |e AACR2 
041 0 |a slo 
044 |a xo  |c SK 
080 |a 771.31:004.085  |2 2001 
080 |a 681.772.2:004.085  |2 2001 
100 1 |a Šlosar, Peter  |4 aut  |9 440800 
245 1 0 |a Fujifilm FinePix F40fd  |c Peter Šlosar 
300 |b Obr., tab. 
650 0 7 |a Fujifilm FinePix F40fd (fotoaparát)  |2 snkbucl  |9 1066336 
650 0 7 |a digitálne fotoaparáty  |2 snkbucl  |9 20208 
773 0 |t DiGi revue  |g Roč. 3, č. 5 (2007), s. 23  |x 1336-5754 
852 |a SNK  |b KIS3GCP 
999 |c 1752739  |d 1754669